000 00377nam a2200157Ia 4500
008 160316s1989 xxu||||| |||| 00| 0 eng d
082 _a346.066260
_bWEI-I
100 _aWeinberg
245 _aTakeovers and mergers. Vol.I
250 _a5th
260 _aLondon
_bSweet & Maxwell
_c1989
300 _avari
_b
_c
365 _b
650 _a1.Company Law
700 _aBlank
_a
999 _c18386
_d18386